[Event "Hastings Chess Congress"]
[Site "Hastings ENG"]
[Date "2013.01.05"]
[EventDate "2012.12.28"]
[Round "9"]
[Result "1-0"]
[White "Gawain Jones"]
[Black "Daniel Alsina Leal"]
[WhiteElo "2644"]
[BlackElo "2511"]
[PlyCount "175"]

1. c4 Nf6 2. Nc3 d5 3. cxd5 Nxd5 4. g3 g6 5. Bg2 Nb6 6. d3 Bg7
7. Be3 Nc6 8. Bxc6+ bxc6 9. Qd2 h6 10. Nf3 Bh3 11. Rg1 Rb8
12. Bf4 g5 13. Ne5 Bxe5 14. Bxe5 f6 15. g4 fxe5 16. Rg3 Qd4
17. Rxh3 Qxg4 18. Rg3 Qf4 19. Qc2 Nd7 20. Ne4 Rb6 21. a4 c5
22. a5 Rb5 23. Qc4 a6 24. Qd5 Rxa5 25. Rd1 Rb5 26. Qc6 Kd8
27. Qxa6 Rxb2 28. Qa8+ Rb8 29. Qd5 Kc8 30. Ra1 Rf8 31. Rf3
Qxh2 32. Nxc5 Rd8 33. Kd2 Nxc5 34. Qxc5 Qh4 35. Qxe5 Qb4+
36. Kd1 Qd6 37. Qe4 Rb4 38. Ra8+ Rb8 39. Rxb8+ Kxb8 40. Rf5
Qb6 41. Qc4 e5 42. Rxe5 Qb1+ 43. Qc1 Qxc1+ 44. Kxc1 Kc8
45. Kd2 Kd7 46. e4 Rg8 47. Ra5 Rg6 48. Ra8 g4 49. Rh8 Kd6
50. d4 c6 51. Rh7 Ke6 52. Ke2 Kd6 53. Kd3 g3 54. fxg3 Rxg3+
55. Kc4 Rg6 56. Rf7 Rg1 57. Rf6+ Kd7 58. Rxh6 Rc1+ 59. Kd3 Re1
60. Rh4 Ke6 61. Kd2 Ra1 62. Rh6+ Kd7 63. Ke3 Rf1 64. Rg6 Rf8
65. Rg1 Rh8 66. Rg7+ Ke6 67. Rg6+ Kd7 68. Kf4 Rh1 69. Rg7+ Ke6
70. Rg6+ Kd7 71. Kf5 Rh4 72. Rg7+ Kc8 73. Rg4 Rh5+ 74. Ke6
Rh6+ 75. Ke7 Kc7 76. e5 Rh7+ 77. Ke8 Rh8+ 78. Kf7 Kd7 79. e6+
Kd6 80. Rg7 Kd5 81. e7 Kxd4 82. Rg8 Rh7+ 83. Ke6 Rxe7+
84. Kxe7 c5 85. Rd8+ Ke3 86. Rc8 Kd4 87. Kd6 c4 88. Kc6 1-0

[Event "Hastings Chess Congress"]
[Site "Hastings ENG"]
[Date "2013.01.06"]
[EventDate "2012.12.28"]
[Round "10"]
[Result "1/2-1/2"]
[White "Andrey Sumets"]
[Black "Gawain Jones"]
[WhiteElo "2638"]
[BlackElo "2644"]
[PlyCount "33"]

1. d4 Nf6 2. Nf3 e6 3. c4 Bb4+ 4. Bd2 Qe7 5. g3 Nc6 6. Nc3
Bxc3 7. Bxc3 Ne4 8. Rc1 O-O 9. Bg2 d6 10. d5 Nd8 11. dxe6 Nxe6
12. O-O Nxc3 13. Rxc3 a5 14. Re1 Rb8 15. Nd4 Nxd4 16. Qxd4 Be6
17. b3 1/2-1/2

[Event "Tradewise Gibraltar"]
[Site "Caleta ENG"]
[Date "2013.01.23"]
[EventDate "2013.01.22"]
[Round "2.15"]
[Result "0-1"]
[White "Maxence Godard"]
[Black "Gawain Jones"]
[WhiteElo "2340"]
[BlackElo "2632"]
[PlyCount "52"]

1. d4 Nf6 2. c4 g6 3. Nc3 Bg7 4. e4 d6 5. Bd3 O-O 6. Nge2 Nc6
7. O-O e5 8. d5 Nd4 9. Nxd4 exd4 10. Ne2 Re8 11. f3 Nd7
12. Bf4 Qe7 13. Qd2 c5 14. Bg5 Qf8 15. b4 b6 16. Rab1 Ne5
17. Ng3 b5 18. Qc2 a5 19. a3 axb4 20. axb4 Bh6 21. Bc1 Bxc1
22. Rfxc1 Qh6 23. Bf1 d3 24. Qf2 bxc4 25. bxc5 dxc5 26. Qxc5
Ra2 0-1

[Event "Tradewise Gibraltar"]
[Site "Caleta ENG"]
[Date "2013.01.25"]
[EventDate "2013.01.22"]
[Round "4"]
[Result "1/2-1/2"]
[White "Gawain Jones"]
[Black "Michael Adams"]
[WhiteElo "2632"]
[BlackElo "2725"]
[PlyCount "92"]

1. d4 Nf6 2. c4 e6 3. Nc3 Bb4 4. Qc2 d5 5. cxd5 Qxd5 6. e3 c5
7. Bd2 Bxc3 8. Bxc3 cxd4 9. Bxd4 Nc6 10. Bxf6 gxf6 11. Ne2 Bd7
12. a3 O-O-O 13. Nc3 Qe5 14. Be2 Kb8 15. Rd1 f5 16. Qa4 Qg7
17. O-O Ne5 18. Qf4 f6 19. Rd4 Bc6 20. f3 Rdg8 21. Rf2 Qc7
22. e4 fxe4 23. fxe4 Rf8 24. Bc4 Nxc4 25. Rxc4 Qxf4 26. Rxf4
h5 27. Rc5 Kc7 28. Rh4 e5 29. Rh3 a6 30. Nd5+ Kd6 31. b4 Rh7
32. Rf3 Ke6 33. Rf5 h4 34. a4 Rd7 35. Nc3 Rg8 36. Rf2 Rd4
37. b5 axb5 38. axb5 Bxe4 39. Nxe4 Rxe4 40. Rc7 f5 41. Rxb7 f4
42. Rh7 Re1+ 43. Rf1 Re2 44. Rf2 Re1+ 45. Rf1 Re2 46. Rf2 Re1+
1/2-1/2

[Event "Tradewise Gibraltar"]
[Site "Caleta ENG"]
[Date "2013.01.26"]
[EventDate "2013.01.22"]
[Round "5"]
[Result "0-1"]
[White "Salome Melia"]
[Black "Gawain Jones"]
[WhiteElo "2403"]
[BlackElo "2632"]
[PlyCount "54"]

1. e4 d6 2. d4 Nf6 3. Nc3 g6 4. g3 Bg7 5. Bg2 O-O 6. Nge2 Nbd7
7. O-O c5 8. h3 Rb8 9. a4 b6 10. Bg5 a6 11. Qd2 cxd4 12. Nxd4
Bb7 13. Rfe1 Nc5 14. Rad1 Qd7 15. b3 e6 16. Bh6 Rfd8 17. Bxg7
Kxg7 18. b4 Nxa4 19. e5 dxe5 20. Rxe5 Qxd4 21. Qxd4 Rxd4
22. Rxd4 Nxc3 23. Rc4 Bxg2 24. Kxg2 Nfd5 25. Re1 Na2 26. Ra1
Naxb4 27. c3 Nc2 0-1

[Event "Tradewise Gibraltar"]
[Site "Caleta ENG"]
[Date "2013.01.27"]
[EventDate "2013.01.22"]
[Round "6"]
[Result "1/2-1/2"]
[White "David Navara"]
[Black "Gawain Jones"]
[WhiteElo "2710"]
[BlackElo "2632"]
[PlyCount "109"]

1. d4 Nf6 2. c4 e6 3. Nf3 c5 4. d5 d6 5. Nc3 exd5 6. cxd5 g6
7. h3 Bg7 8. e4 O-O 9. Bd3 b5 10. Nxb5 Re8 11. O-O Nxe4
12. Re1 a6 13. Nc3 Nxc3 14. bxc3 Bxc3 15. Rxe8+ Qxe8 16. Rb1
Nd7 17. Qa4 Qd8 18. Bf4 Ne5 19. Bxe5 dxe5 20. Qc6 Bd7 21. Qxc5
Rc8 22. Qd6 e4 23. Bxe4 Bb5 24. Qxd8+ Rxd8 25. Rc1 Bb2 26. Rc2
Bg7 27. Rc7 h6 28. g4 Kf8 29. Kg2 Bf6 30. h4 Rd7 31. Rc8+ Rd8
32. Rc7 Rd7 33. Rc2 Re7 34. g5 Rxe4 35. gxf6 Rc4 36. Rxc4 Bxc4
37. a3 Bxd5 38. Kg3 Ke8 39. Ne5 Kd8 40. Ng4 h5 41. Ne3 Ba2
42. Kf4 Kd7 43. Kg5 Ke6 44. f4 Bb1 45. Nc4 Be4 46. Ne5 a5
47. a4 Bd5 48. Nxg6 fxg6 49. Kxg6 Kd7 50. Kxh5 Ke8 51. Kg6 Kf8
52. h5 Bf7+ 53. Kf5 Bxh5 54. Ke5 Be8 55. Kd4 1/2-1/2

[Event "Tradewise Gibraltar"]
[Site "Caleta ENG"]
[Date "2013.01.28"]
[EventDate "2013.01.22"]
[Round "7"]
[Result "1/2-1/2"]
[White "Gawain Jones"]
[Black "Alexey Shirov"]
[WhiteElo "2632"]
[BlackElo "2708"]
[PlyCount "71"]

1. d4 Nf6 2. c4 e6 3. Nc3 Bb4 4. Qc2 O-O 5. Nf3 c5 6. dxc5 Na6
7. g3 Nxc5 8. Bg2 Nce4 9. O-O Nxc3 10. bxc3 Be7 11. e4 d6
12. e5 dxe5 13. Nxe5 Qc7 14. Qe2 Nd7 15. Bf4 Nxe5 16. Bxe5 Bd6
17. Bxd6 Qxd6 18. Rfd1 Qc7 19. Qd3 Rb8 20. Qd6 Qxd6 21. Rxd6
b6 22. a4 Bb7 23. a5 Bxg2 24. Kxg2 g6 25. Rd7 a6 26. Rd6 bxa5
27. Rxa5 Rfc8 28. Rdxa6 Rxc4 29. Ra8 Rxa8 30. Rxa8+ Kg7
31. Ra3 g5 32. Kf3 g4+ 33. Ke3 Rc5 34. Ra4 Rxc3+ 35. Kd2 Rb3
36. Rxg4+ 1/2-1/2

[Event "Tradewise Gibraltar"]
[Site "Caleta ENG"]
[Date "2013.01.31"]
[EventDate "2013.01.22"]
[Round "10"]
[Result "1/2-1/2"]
[White "Gawain Jones"]
[Black "Joseph G Gallagher"]
[WhiteElo "2632"]
[BlackElo "2499"]
[PlyCount "66"]

1. d4 Nf6 2. c4 g6 3. Nc3 Bg7 4. e4 d6 5. f3 O-O 6. Be3 Nbd7
7. Nh3 e5 8. d5 Nh5 9. g4 Nf4 10. Nxf4 exf4 11. Bxf4 f5
12. gxf5 gxf5 13. Qd2 Ne5 14. Be2 fxe4 15. Nxe4 Qh4+ 16. Bg3
Qh5 17. Ng5 Nxf3+ 18. Nxf3 Rxf3 19. Bxf3 Qxf3 20. Rf1 Qh5
21. Rf4 Bh6 22. Qd4 Bf5 23. Kd2 Re8 24. Re1 Rxe1 25. Kxe1 Bxf4
26. Bxf4 Qf3 27. Qe3 Qxe3+ 28. Bxe3 Bb1 29. Kd2 Bxa2 30. Kc3
Kf7 31. Bxa7 Ke7 32. Be3 b5 33. b3 bxc4 1/2-1/2

[Event "Reykjavik Open"]
[Site "Reykjavik ISL"]
[Date "2013.02.19"]
[EventDate "2013.02.19"]
[Round "1.13"]
[Result "1-0"]
[White "Gawain Jones"]
[Black "Per Isaksson"]
[WhiteElo "2637"]
[BlackElo "2016"]
[PlyCount "61"]

1. e4 e6 2. d4 d5 3. Nd2 dxe4 4. Nxe4 Bd7 5. Nf3 Bc6 6. Bd3
Nd7 7. O-O Ngf6 8. Ng3 Be7 9. Qe2 Bxf3 10. Qxf3 c6 11. c4 O-O
12. b3 Re8 13. Bb2 Qa5 14. a3 Rad8 15. Rfe1 Qc7 16. Re2 Nf8
17. Rae1 Ng6 18. Re3 a5 19. Nh5 Nxh5 20. Qxh5 Bf6 21. Rh3 Nf8
22. Bxh7+ Nxh7 23. Qxh7+ Kf8 24. Bc3 Qb6 25. Qh5 g6 26. Bxa5
Qxd4 27. Bb4+ Be7 28. Qh6+ Qg7 29. Bxe7+ Rxe7 30. Qh8+ Qg8
31. Qf6 1-0

[Event "Reykjavik Open"]
[Site "Reykjavik ISL"]
[Date "2013.02.20"]
[EventDate "2013.02.19"]
[Round "2"]
[Result "0-1"]
[White "Brede Kvisvik"]
[Black "Gawain Jones"]
[WhiteElo "2314"]
[BlackElo "2637"]
[PlyCount "80"]

1. d4 Nf6 2. c4 g6 3. Nc3 Bg7 4. e4 d6 5. Nf3 O-O 6. Be2 e5
7. O-O Nbd7 8. Be3 c6 9. Qc2 Qe7 10. Rad1 h6 11. Ne1 exd4
12. Bxd4 h5 13. f3 Bh6 14. Bf2 Ne5 15. b3 Nfd7 16. Nd3 h4
17. Kh1 b6 18. Be1 Nxd3 19. Qxd3 Bf4 20. Bd2 Nc5 21. Qc2 Ne6
22. Bxf4 Nxf4 23. Rf2 Qe5 24. Qd2 Rd8 25. Bf1 g5 26. Qd4 Ne6
27. Qe3 Bb7 28. Rfd2 Rac8 29. b4 d5 30. cxd5 cxd5 31. Nxd5
Bxd5 32. Rxd5 Rxd5 33. Rxd5 Qa1 34. Kg1 Rc1 35. Qf2 Nf4
36. Rd8+ Kh7 37. Rd7 Re1 38. Rd2 Qc1 39. h3 Rxf1+ 40. Qxf1
Qxd2 0-1

[Event "Reykjavik Open"]
[Site "Reykjavik ISL"]
[Date "2013.02.20"]
[EventDate "2013.02.19"]
[Round "3"]
[Result "1/2-1/2"]
[White "Gawain Jones"]
[Black "Qi Guo"]
[WhiteElo "2637"]
[BlackElo "2643"]
[PlyCount "136"]

1. e4 e6 2. d4 d5 3. Nd2 dxe4 4. Nxe4 Nd7 5. Nf3 Ngf6 6. Nxf6+
Nxf6 7. Bc4 c5 8. Be3 Qc7 9. Bb5+ Bd7 10. Bxd7+ Nxd7 11. d5 e5
12. Nd2 Bd6 13. Qf3 O-O 14. Ne4 f5 15. Ng5 Qb6 16. O-O h6
17. Ne6 Rf7 18. b3 Nf8 19. a4 a5 20. Rad1 Re8 21. Qe2 f4
22. Bd2 f3 23. Qc4 fxg2 24. Rfe1 Nxe6 25. dxe6 Rf6 26. Re4
Rexe6 27. Bxa5 Qc6 28. Bd8 Rg6 29. f4 Qxe4 30. Qxe4 exf4
31. Qxb7 Re2 32. Qf3 Re3 33. Qd5+ Kh7 34. Bh4 Re2 35. Bf2 Be5
36. Qf3 Rxc2 37. h4 Rc3 38. Rd3 Rc1+ 39. Rd1 Rc3 40. Qxc3 Bxc3
41. Bxc5 f3 42. Kf2 Rf6 43. b4 Rf4 44. h5 Bf6 45. Kg3 Bd4
46. Bxd4 Rxd4 47. Rc1 Rh4 48. Kf2 Rxb4 49. Kxf3 Rh4 50. Kxg2
Rxh5 51. Ra1 Ra5 52. Kf3 g5 53. Kg4 Kg6 54. Kg3 h5 55. Ra2 h4+
56. Kg4 Rd5 57. Kh3 Kh5 58. a5 g4+ 59. Kh2 h3 60. a6 Kh4
61. Ra4 Rd2+ 62. Kh1 h2 63. a7 Kh3 64. Ra1 g3 65. a8=Q g2+
66. Qxg2+ Rxg2 67. Ra3+ Rg3 68. Rxg3+ Kxg3 1/2-1/2

[Event "Reykjavik Open"]
[Site "Reykjavik ISL"]
[Date "2013.02.21"]
[EventDate "2013.02.19"]
[Round "4"]
[Result "0-1"]
[White "Throstur Thorhallsson"]
[Black "Gawain Jones"]
[WhiteElo "2441"]
[BlackElo "2637"]
[PlyCount "56"]

1. e4 c5 2. Nf3 d6 3. d4 cxd4 4. Nxd4 Nf6 5. Nc3 g6 6. Be2 Bg7
7. Be3 O-O 8. f4 Nc6 9. Nb3 Be6 10. g4 Rc8 11. g5 Nd7 12. h4
Nb4 13. Nd4 Qa5 14. h5 Bc4 15. a3 Na2 16. Bxc4 Nxc3 17. Qd3
Nd5+ 18. Bd2 Nxf4 19. Bxa5 Nxd3+ 20. cxd3 Bxd4 21. hxg6 hxg6
22. Bc3 Bxc3+ 23. bxc3 Ne5 24. Bd5 Rxc3 25. d4 Nf3+ 26. Kf2
Nxg5 27. Bxb7 Rb8 28. Rhb1 Ne6 0-1

[Event "Reykjavik Open"]
[Site "Reykjavik ISL"]
[Date "2013.02.22"]
[EventDate "2013.02.19"]
[Round "5"]
[Result "1/2-1/2"]
[White "Gawain Jones"]
[Black "Hjorvar Steinn Gretarsson"]
[WhiteElo "2637"]
[BlackElo "2509"]
[PlyCount "81"]

1. e4 c5 2. Nc3 d6 3. f4 g6 4. Nf3 Bg7 5. Bb5+ Bd7 6. Bc4 Nc6
7. O-O Nd4 8. a4 Bc6 9. Bd5 Bxd5 10. Nxd5 e6 11. Ne3 Nf6
12. c3 Nc6 13. d3 Qc7 14. Bd2 d5 15. e5 Nd7 16. c4 d4 17. Ng4
a5 18. Nf2 Bf8 19. Ne4 Be7 20. Be1 O-O-O 21. Bh4 Bxh4 22. Nxh4
Kb8 23. Nf3 Rdf8 24. Qe1 Ne7 25. Ra3 Nc6 26. Nd6 h6 27. Nd2 f5
28. Nf3 Qd8 29. Qg3 Rhg8 30. Rb3 Nb4 31. Qh3 Rh8 32. Nh4 Rhg8
33. Nf3 Rh8 34. Qg3 Rhg8 35. h4 Nb6 36. Kf2 Qd7 37. Ra1 Nc8
38. Nb5 Rd8 39. Ke2 Qe7 40. Kd2 Rg7 41. Rh1 1/2-1/2

[Event "Reykjavik Open"]
[Site "Reykjavik ISL"]
[Date "2013.02.23"]
[EventDate "2013.02.19"]
[Round "6"]
[Result "0-1"]
[White "Hannes Stefansson"]
[Black "Gawain Jones"]
[WhiteElo "2496"]
[BlackElo "2637"]
[PlyCount "78"]

1. Nf3 Nf6 2. c4 g6 3. g3 Bg7 4. Bg2 O-O 5. O-O d6 6. d4 Nc6
7. Nc3 Rb8 8. a3 e5 9. d5 Ne7 10. e4 c6 11. h3 a6 12. Be3 b5
13. b3 bxc4 14. bxc4 cxd5 15. cxd5 Qa5 16. Bd2 Bd7 17. Na2 Qb6
18. Re1 Rfc8 19. Qe2 Bb5 20. Qd1 Bc4 21. Nc3 Bb3 22. Qe2 Nh5
23. Kh2 Bc4 24. Qe3 Qxe3 25. Bxe3 f5 26. Rec1 Nf6 27. Nd2 Bd3
28. Bg5 h6 29. Bxf6 Bxf6 30. Nd1 Bg5 31. Rxc8+ Rxc8 32. Nb2
Be2 33. Nf3 Rc1 34. Rxc1 Bxc1 35. Ng1 Bb5 36. a4 Bxb2 37. axb5
axb5 38. f3 b4 39. Ne2 b3 0-1

[Event "Reykjavik Open"]
[Site "Reykjavik ISL"]
[Date "2013.02.26"]
[EventDate "2013.02.19"]
[Round "9"]
[Result "1-0"]
[White "Gawain Jones"]
[Black "Nils Grandelius"]
[WhiteElo "2637"]
[BlackElo "2566"]
[PlyCount "102"]

1. c4 e5 2. Nc3 Bb4 3. g3 Bxc3 4. bxc3 d6 5. Bg2 Ne7 6. d3
Nbc6 7. Nf3 O-O 8. O-O h6 9. d4 Ng6 10. e4 b6 11. Re1 Ba6
12. Bf1 Na5 13. Nd2 c5 14. d5 Bc8 15. Bd3 f5 16. exf5 Bxf5
17. Bxf5 Rxf5 18. Qg4 Qg5 19. Qxg5 hxg5 20. Ne4 Nxc4 21. Bxg5
Rf7 22. a4 Rd7 23. Kf1 Nf8 24. Ke2 Nh7 25. h4 Rf8 26. Rab1 Na3
27. Rb2 Nc4 28. Ra2 Na5 29. Rb2 Nc4 30. Rb5 Na3 31. Rb3 Nc4
32. Kd3 Na5 33. Rb5 Rf3+ 34. Ke2 Rf8 35. Rc1 c4 36. Rf1 Re8
37. Rb4 Kf7 38. Ke3 Kg6 39. g4 Nxg5 40. Nxg5 Rh8 41. Ne6 Kf7
42. h5 g6 43. f4 gxh5 44. g5 exf4+ 45. Rxf4+ Ke8 46. Rb1 Rf7
47. g6 Rxf4 48. Kxf4 Ke7 49. Kg5 Nc6 50. dxc6 Kxe6 51. g7 Kd5
1-0

[Event "Reykjavik Open"]
[Site "Reykjavik ISL"]
[Date "2013.02.27"]
[EventDate "2013.02.19"]
[Round "10"]
[Result "1/2-1/2"]
[White "Gawain Jones"]
[Black "Anish Giri"]
[WhiteElo "2637"]
[BlackElo "2722"]
[PlyCount "71"]

1. d4 d5 2. c4 c6 3. Nc3 Nf6 4. e3 g6 5. Nf3 Bg7 6. Be2 O-O
7. O-O e6 8. b4 b6 9. a4 Bb7 10. Bb2 a5 11. b5 c5 12. Ne5 cxd4
13. exd4 dxc4 14. Nxc4 Qc7 15. Rc1 Rd8 16. Ne5 Qd6 17. Bf3 Ra7
18. Nc6 Nxc6 19. bxc6 Bxc6 20. Bxc6 Qxc6 21. Nb5 Qd7 22. Nxa7
Qxa7 23. Rc6 Nd5 24. Qc1 Qd7 25. Qc4 h5 26. Ba3 Qb7 27. Rd1
Nf4 28. Bc1 Ne2+ 29. Kf1 Nxc1 30. Qxc1 Bxd4 31. Qc4 Rd7
32. Rc8+ Kh7 33. Qc6 Qa6+ 34. Qc4 Qb7 35. Qc6 Qa6+ 36. Qc4
1/2-1/2

[Event "Bundesliga"]
[Site "Solingen GER"]
[Date "2013.02.02"]
[EventDate "2012.10.20"]
[Round "7"]
[Result "1-0"]
[White "Rasmus Svane"]
[Black "Gawain Jones"]
[WhiteElo "2394"]
[BlackElo "2641"]
[PlyCount "77"]

1. d4 Nf6 2. c4 g6 3. Nc3 Bg7 4. e4 d6 5. Nf3 O-O 6. Be2 e5
7. Be3 c6 8. d5 Ng4 9. Bg5 f6 10. Bh4 c5 11. Nd2 h5 12. h3 Nh6
13. g4 hxg4 14. hxg4 Nf7 15. Qb3 Bh6 16. O-O-O Bf4 17. f3 Kg7
18. Bd3 Rh8 19. Ne2 Be3 20. Bb1 Bh6 21. Qc3 a6 22. Rdf1 b5
23. f4 b4 24. Qg3 exf4 25. Nxf4 Bxf4 26. Qxf4 Rxh4 27. Rxh4 g5
28. Rh7+ Kxh7 29. e5+ Kg8 30. Qh2 dxe5 31. Bg6 Ra7 32. Ne4 f5
33. Qh7+ Kf8 34. Bxf7 Rxf7 35. Qh8+ Ke7 36. Qxe5+ Kf8 37. Qh8+
Ke7 38. d6+ Kd7 39. Nxc5+ 1-0

[Event "Bundesliga"]
[Site "Solingen GER"]
[Date "2013.02.03"]
[EventDate "2012.10.20"]
[Round "8"]
[Result "1-0"]
[White "Gawain Jones"]
[Black "Viktor Polischuk"]
[WhiteElo "2641"]
[BlackElo "2312"]
[PlyCount "71"]

1. e4 c5 2. Nf3 e6 3. g3 Nc6 4. Bg2 d5 5. exd5 Qxd5 6. O-O Qd7
7. Na3 Nf6 8. b3 Be7 9. Bb2 O-O 10. Nc4 Nd5 11. d4 cxd4
12. Nxd4 Nxd4 13. Bxd4 Rd8 14. Qf3 Qe8 15. Rad1 f6 16. Qe2 Bd7
17. Ne3 Nxe3 18. Qxe3 Rac8 19. Bxa7 Rxc2 20. a4 Bc8 21. Bb6
Rxd1 22. Rxd1 e5 23. Qd3 Ra2 24. Qc4+ Kh8 25. Rc1 Bf5 26. Bxb7
h6 27. Bc8 Bxc8 28. Qxc8 Qxc8 29. Rxc8+ Kh7 30. a5 Ra3 31. Ra8
Rxb3 32. Be3 f5 33. a6 Ra3 34. a7 f4 35. Bb6 f3 36. h3 1-0

[Event "Bundesliga"]
[Site "Solingen GER"]
[Date "2013.03.16"]
[EventDate "2012.10.20"]
[Round "11"]
[Result "1/2-1/2"]
[White "Tomi Nyback"]
[Black "Gawain Jones"]
[WhiteElo "2598"]
[BlackElo "2641"]
[PlyCount "63"]

1. d4 Nf6 2. c4 e6 3. Nf3 c5 4. g3 cxd4 5. Nxd4 Bb4+ 6. Nc3
O-O 7. Bg2 d5 8. cxd5 Nxd5 9. Qb3 Qb6 10. Bxd5 exd5 11. Be3
Nc6 12. Nxc6 Bxc3+ 13. Qxc3 Qxc6 14. Qxc6 bxc6 15. Rc1 Bd7
16. Kd2 Rfb8 17. Bd4 a5 18. Rc5 a4 19. g4 f6 20. Rg1 Rb4
21. e3 Rab8 22. h4 R4b5 23. Rxb5 Rxb5 24. g5 fxg5 25. Rxg5 g6
26. Rg1 c5 27. Bc3 Be6 28. a3 Bf5 29. h5 Rb7 30. hxg6 hxg6
31. Rh1 Rh7 32. Rxh7 1/2-1/2

[Event "Bundesliga"]
[Site "Solingen GER"]
[Date "2013.03.17"]
[EventDate "2012.10.20"]
[Round "12"]
[Result "0-1"]
[White "Gawain Jones"]
[Black "Dariusz Swiercz"]
[WhiteElo "2641"]
[BlackElo "2609"]
[PlyCount "136"]

1. c4 Nf6 2. Nc3 e5 3. g3 g6 4. Nf3 Nc6 5. d4 exd4 6. Nxd4 Bg7
7. Nxc6 bxc6 8. Bg2 O-O 9. O-O Re8 10. Qa4 a5 11. Rd1 Bb7
12. Bf4 Nh5 13. Be3 Rxe3 14. fxe3 Qe7 15. Rd3 Nf6 16. Rad1 Ng4
17. Ne4 Ne5 18. Rc3 h5 19. Nf2 h4 20. gxh4 Qxh4 21. Rd4 Qg5
22. Ne4 Qh4 23. Nf2 Qh5 24. Qd1 Rf8 25. h3 d6 26. c5 Ba6
27. Bf3 Nxf3+ 28. exf3 Bxd4 29. Qxd4 Qxf3 30. e4 Qf4 31. cxd6
cxd6 32. Ng4 c5 33. Qe3 Qxe3+ 34. Nxe3 Rb8 35. e5 dxe5
36. Rxc5 Rxb2 37. Rxa5 Bb7 38. Rxe5 Rxa2 39. Rc5 Re2 40. Rc3
Kg7 41. Ng4 Bd5 42. Kf1 Rb2 43. Kg1 Be6 44. Rc5 Kf8 45. Ra5
Ke7 46. Ra7+ Kf8 47. Ra5 Rc2 48. Ra8+ Kg7 49. Ra5 Rd2 50. Rc5
Ra2 51. Rb5 Ra4 52. Nf2 Kh6 53. Re5 Ra2 54. Rc5 Re2 55. Ra5
Re3 56. Kh2 f5 57. h4 Kh5 58. Ra4 Bd5 59. Rf4 Be4 60. Nh3 Re2+
61. Kg1 Rg2+ 62. Kh1 Rg4+ 63. Kh2 Kxh4 64. Rf2 g5 65. Ng1 Rg3
66. Ra2 g4 67. Rb2 Ra3 68. Ne2 g3+ 0-1

[Event "Bundesliga"]
[Site "Schwetzingen GER"]
[Date "2013.04.05"]
[EventDate "2012.10.20"]
[Round "13"]
[Result "1-0"]
[White "Ralf Appel"]
[Black "Gawain Jones"]
[WhiteElo "2525"]
[BlackElo "2641"]
[PlyCount "127"]

1. d4 Nf6 2. Nf3 g6 3. Bf4 Bg7 4. c3 d6 5. Nbd2 Nh5 6. Bg3
Nxg3 7. hxg3 c5 8. dxc5 dxc5 9. e4 O-O 10. Bc4 e6 11. Qe2 a6
12. a4 Nc6 13. Qe3 b6 14. Be2 Qc7 15. Nc4 Rd8 16. Qf4 Qxf4
17. gxf4 Rb8 18. e5 b5 19. axb5 axb5 20. Nd6 b4 21. O-O-O h6
22. Ne4 bxc3 23. bxc3 Bf8 24. Nf6+ Kg7 25. Rxd8 Nxd8 26. Rd1
Nc6 27. Nd2 Na5 28. Kc2 Bb7 29. Ra1 Nc6 30. Bf3 Rd8 31. Nc4 g5
32. fxg5 hxg5 33. Rh1 Nd4+ 34. cxd4 Bxf3 35. gxf3 Rxd4 36. Ne3
Be7 37. Ne4 Ra4 38. Kb3 Rb4+ 39. Kc3 f5 40. Nd2 Rf4 41. Ra1
Rd4 42. Nec4 g4 43. Ra7 Kf8 44. Nb6 Ke8 45. fxg4 Rxg4 46. Ndc4
Rd4 47. Nc8 Bh4 48. N4d6+ Kf8 49. Nb6 Bxf2 50. Nd7+ Kg7
51. Nxc5+ Kh6 52. Ra2 Rf4 53. Nxe6 Be1+ 54. Kd3 Rf3+ 55. Kc4
f4 56. Rg2 Bg3 57. Nf5+ Kh5 58. Ned4 Ra3 59. Nxg3+ fxg3
60. Ne2 Ra5 61. Kd4 Ra4+ 62. Kd5 Ra5+ 63. Ke4 Ra4+ 64. Kf5 1-0

[Event "Bundesliga"]
[Site "Schwetzingen GER"]
[Date "2013.04.07"]
[EventDate "2012.10.20"]
[Round "15"]
[Result "0-1"]
[White "Sebastian Siebrecht"]
[Black "Gawain Jones"]
[WhiteElo "2479"]
[BlackElo "2641"]
[PlyCount "52"]

1. d4 Nf6 2. Nf3 g6 3. c4 Bg7 4. Nc3 O-O 5. e4 d6 6. Be2 e5
7. Be3 Ng4 8. Bg5 f6 9. Bh4 g5 10. Bg3 Nh6 11. dxe5 dxe5
12. Qxd8 Rxd8 13. Nd5 Na6 14. O-O-O Be6 15. h4 g4 16. Nh2 c6
17. Nc3 Bf8 18. a3 Nc5 19. Kc2 Nf5 20. Bxg4 Nd4+ 21. Kb1 Bxc4
22. f4 Bd3+ 23. Ka2 exf4 24. Bxf4 a5 25. Bc7 Nc2 26. Bxd8 Nb4+
0-1

[Event "100th British Championship"]
[Site "Torquay ENG"]
[Date "2013.07.29"]
[EventDate "2013.07.29"]
[Round "1"]
[Result "1-0"]
[White "Gawain Jones"]
[Black "John Reid"]
[WhiteElo "2643"]
[BlackElo "2151"]
[PlyCount "67"]

1. e4 c5 2. c3 d6 3. d4 Nf6 4. Bd3 g6 5. dxc5 dxc5 6. e5 Nh5
7. h3 Nc6 8. Nf3 Qc7 9. O-O Bd7 10. Qe2 h6 11. e6 Bxe6
12. Bxg6 Ng7 13. Be4 O-O-O 14. Na3 Bd5 15. Nb5 Qb6 16. Bxd5
Rxd5 17. c4 Rd8 18. b4 Ne6 19. bxc5 Qa5 20. Rb1 Bg7 21. Qc2
Rd7 22. Bd2 Qa6 23. Rb3 Ncd4 24. Nfxd4 Nxd4 25. Nxd4 Bxd4
26. Rfb1 Qc6 27. Bf4 e5 28. Bg3 e4 29. Qc1 e3 30. Rxe3 Bxc5
31. Rf3 Qg6 32. Rb5 b6 33. Rxc5+ bxc5 34. Qb2 1-0

[Event "100th British Championship"]
[Site "Torquay ENG"]
[Date "2013.07.30"]
[EventDate "2013.07.29"]
[Round "2"]
[Result "1/2-1/2"]
[White "David Ledger"]
[Black "Gawain Jones"]
[WhiteElo "2305"]
[BlackElo "2643"]
[PlyCount "54"]

1. e4 c5 2. Nf3 d6 3. d4 cxd4 4. Nxd4 Nf6 5. Nc3 g6 6. Be3 Bg7
7. f3 Nc6 8. Qd2 O-O 9. Bc4 Bd7 10. O-O-O Rb8 11. Bb3 Na5
12. g4 b5 13. Bh6 Bxh6 14. Qxh6 b4 15. Nd5 Nxb3+ 16. Nxb3 Nxd5
17. exd5 e5 18. dxe6 Bxe6 19. h4 Bxb3 20. axb3 Qa5 21. h5 Qa1+
22. Kd2 Qxb2 23. hxg6 Qd4+ 24. Kc1 Qa1+ 25. Kd2 Qc3+ 26. Kc1
Qa1+ 27. Kd2 Qc3+ 1/2-1/2

[Event "100th British Championship"]
[Site "Torquay ENG"]
[Date "2013.07.31"]
[EventDate "2013.07.29"]
[Round "3"]
[Result "1/2-1/2"]
[White "Gawain Jones"]
[Black "Charles H Storey"]
[WhiteElo "2643"]
[BlackElo "2214"]
[PlyCount "129"]

1. e4 c5 2. Nf3 d6 3. d4 cxd4 4. Nxd4 Nf6 5. Nc3 a6 6. Bg5 e6
7. Qe2 Qa5 8. f4 b5 9. Bxf6 gxf6 10. Qh5 Qc7 11. O-O-O b4
12. Nce2 e5 13. Nf5 Be6 14. Kb1 Nd7 15. Ne3 Nb6 16. Nc1 Qc5
17. Qf3 Bh6 18. g3 O-O 19. Nd5 Bxd5 20. exd5 Bg7 21. Bd3 a5
22. fxe5 dxe5 23. Nb3 Qc8 24. Bf5 Nd7 25. Nd2 a4 26. Qg4 b3
27. axb3 axb3 28. Nxb3 Rd8 29. Rd3 Ra7 30. c4 Qa6 31. Kc2 Qb6
32. Qe4 Ra4 33. Bxd7 Rxd7 34. Rf1 Rc7 35. Rc3 Qa6 36. Nd2 Bh6
37. Qg4+ Kh8 38. d6 Qxd6 39. Ne4 Qe6 40. Qxe6 fxe6 41. Rxf6
Rcxc4 42. Nc5 Kg7 43. Rxe6 Rxc3+ 44. Kxc3 Rd4 45. Nd3 Bd2+
46. Kxd2 e4 47. b4 h5 48. Kc3 Rxd3+ 49. Kc4 Re3 50. b5 Re1
51. b6 e3 52. Kd3 Rb1 53. Ke2 Rb3 54. Kf3 Rb1 55. Rd6 Rb3
56. Rc6 Kh7 57. Re6 Kg7 58. Ke2 Rb1 59. Kd3 Kh7 60. Re7+ Kg6
61. b7 Rb3+ 62. Kc4 Rb1 63. Kd3 Rb3+ 64. Kc2 Rb4 65. Kd3
1/2-1/2

[Event "100th British Championship"]
[Site "Torquay ENG"]
[Date "2013.08.01"]
[EventDate "2013.07.29"]
[Round "4"]
[Result "1/2-1/2"]
[White "Alexander Longson"]
[Black "Gawain Jones"]
[WhiteElo "2279"]
[BlackElo "2643"]
[PlyCount "170"]

1. e4 d6 2. d4 Nf6 3. Nc3 g6 4. Be3 a6 5. a4 Bg7 6. h3 O-O
7. Nf3 Nc6 8. Be2 e6 9. Qd2 b6 10. Bh6 Bb7 11. Bxg7 Kxg7
12. O-O Nb4 13. Rfe1 c5 14. Bd3 Rc8 15. Rad1 cxd4 16. Nxd4 e5
17. Nf3 Qe7 18. Nb1 Nc6 19. Nc3 Nb4 20. Nb1 a5 21. Na3 Rfd8
22. Qe3 Nd7 23. Bb5 Nc5 24. c3 Nc6 25. Nc4 Qc7 26. Nfd2 Rb8
27. h4 h5 28. g3 Bc8 29. Qe2 Bg4 30. f3 Be6 31. Ne3 Na7
32. Ndc4 Nxa4 33. Bxa4 b5 34. Bb3 a4 35. Ba2 bxc4 36. Bxc4
Bxc4 37. Qxc4 Qxc4 38. Nxc4 Rdc8 39. Nxd6 Rc6 40. Rd2 Nb5
41. Nxb5 Rxb5 42. Ra1 Rcb6 43. Ra2 Rb3 44. Rc2 f5 45. Kf2 f4
46. gxf4 exf4 47. Ke2 g5 48. hxg5 Kg6 49. Kd3 Rb8 50. Rxa4
Rxb2 51. Rxb2 Rxb2 52. e5 Kxg5 53. e6 Kf6 54. Re4 Ke7 55. Rxf4
Kxe6 56. Rh4 Rb5 57. Kd4 Rf5 58. Ke4 Rc5 59. Kd4 Rf5 60. Re4+
Kd6 61. Ke3 Rc5 62. c4 Ra5 63. Kf4 Rc5 64. Kg3 Rg5+ 65. Kh4
Rf5 66. Kg3 Rg5+ 67. Kf2 Rc5 68. Ke2 Rf5 69. Ke3 Ra5 70. Rf4
Ke5 71. Rh4 Kd6 72. Rh1 Re5+ 73. Kd4 Rf5 74. Ke4 Re5+ 75. Kf4
Rc5 76. Rc1 Ke6 77. Ke4 Kd6 78. Kd4 Rf5 79. c5+ Kc6 80. Ke4
Rxc5 81. Rd1 h4 82. Kf4 h3 83. Kg3 Rh5 84. Rh1 Kd7 85. Rxh3
Ra5 1/2-1/2